London Underground - Metropolitan Line - Statistics

General Stats
  • This quiz has been taken 67 times
  • The average score is 22 of 34
Answer Stats
Station % Correct
Baker Street
85%
Amersham
83%
Aldgate
78%
Chesham
78%
Wembley Park
78%
Finchley Road
73%
Barbican
71%
Euston Square
71%
Farringdon
71%
Harrow-on-the-Hill
71%
Watford
71%
Chalfont & Latimer
68%
Great Portland Street
68%
Liverpool Street
66%
Moor Park
66%
Northwood
66%
Northwood Hills
66%
Rickmansworth
66%
Chorleywood
63%
Northwick Park
63%
King's Cross St Pancras
61%
North Harrow
61%
Pinner
61%
Eastcote
59%
Preston Road
59%
Uxbridge
59%
Hillingdon
56%
Ruislip
56%
Croxley
54%
Moorgate
54%
Rayners Lane
54%
Ickenham
51%
West Harrow
51%
Ruislip Manor
49%
No matching quizzes found
Score Distribution
Percent of People with Each Score
Percentile by Number Answered
Your Score History
You have not taken this quiz